Rounhaa - Statistiques

Statistiques générales
  • Ce quiz a été pris 119 fois
  • Le résultat moyen est 15 sur 23
Statistiques - réponses
Hint Réponse % Correct
JAAFAR LOVE DEATH ROBOTS
90%
MÖBIUS ICE
87%
JAAFAR LE FRERE DE MOÏSE
79%
JAAFAR YASMEEN
78%
JAAFAR BRUTAL
76%
MÖBIUS MUSIC SOUNDS BETTER WITH YOU
73%
JAAFAR 2B2T
71%
JAAFAR WALLL
71%
JAAFAR MOOD 0
68%
MÖBIUS PAPURIR
67%
JAAFAR KONTAKT
65%
MÖBIUS CELINE
63%
MÖBIUS MAFIA
63%
JAAFAR GRIS TANGER
62%
MÖBIUS WISH I WAS SPECIAL
62%
MÖBIUS BONBON&FLEUR
59%
MÖBIUS ILLEGAL TRISTE
57%
JAAFAR TOTENINSEL
56%
MÖBIUS MR.& MRS. SMITH
54%
MÖBIUS BOO
52%
MÖBIUS LE MORT
52%
MÖBIUS LE VENTRE ET LA TOMBE
50%
JAAFAR UMM KULTHUM
50%
Aucun quiz correspondant
Distribution des résultats
% des personnes avec chaque résultat
Percentile par nombre de réponses
Votre historique - résultats
Vous n’avez pas pris ce quiz